Tensile Architecture (Record no. 10792)

000 -LEADER
fixed length control field 00308nam a2200121 4500
003 - CONTROL NUMBER IDENTIFIER
control field OSt
005 - DATE AND TIME OF LATEST TRANSACTION
control field 20220927144858.0
008 - FIXED-LENGTH DATA ELEMENTS--GENERAL INFORMATION
fixed length control field 220927b ||||| |||| 00| 0 eng d
110 ## - MAIN ENTRY--CORPORATE NAME
Corporate name or jurisdiction name as entry element Philip Drew
245 ## - TITLE STATEMENT
Title Tensile Architecture
260 ## - PUBLICATION, DISTRIBUTION, ETC. (IMPRINT)
Place of publication, distribution, etc London
Name of publisher, distributor, etc Crosby Lockwood staples :Granade publishing
942 ## - ADDED ENTRY ELEMENTS (KOHA)
Source of classification or shelving scheme
Holdings
Withdrawn status Lost status Source of classification or shelving scheme Damaged status Not for loan Permanent location Current location Date acquired Barcode Date last seen Price effective from Non-public note Koha item type Public note
          BMS College of Architecture, Design and Planning BMS College of Architecture, Design and Planning 2022-09-27 AR-DB468 2022-09-27 2022-09-27 Donated by Ar. K.V. Harsha Babu, Harsha Design Associates Donated Book Donated by Ar. K.V. Harsha Babu, Harsha Design Associates
Copyright © 2025, The Librarian, Library and Information Centre, BMSCA D&P, Bengaluru. All Rights Reserved
web counter

Powered by Koha